| 000 | 00358pab a2200145 454500 | ||
|---|---|---|---|
| 008 | 180718b1988 xxu||||| |||| 00| 0 eng d | ||
| 100 | _aJha, J.K. | ||
| 245 | _aRole of social forestry in the uplifitment of tribals | ||
| 260 | _c1988 | ||
| 300 | _a5-10 | ||
| 362 | _aMar. | ||
| 650 | _aForests - India | ||
| 773 | _aTribal research Bulletin | ||
| 909 | _a9032 | ||
| 999 |
_c9032 _d9032 |
||